Prophet Muhmmad as Military and Commander (Record no. 23807)

000 -LEADER
fixed length control field 00286nam a22000977a 4500
003 - CONTROL NUMBER IDENTIFIER
control field NUST
005 - DATE AND TIME OF LATEST TRANSACTION
control field 20170529125613.0
008 - FIXED-LENGTH DATA ELEMENTS--GENERAL INFORMATION
fixed length control field 140127b xxu||||| |||| 00| 0 eng d
020 ## - INTERNATIONAL STANDARD BOOK NUMBER
International Standard Book Number 975-7388-46-7
Terms of availability Available
040 ## - CATALOGING SOURCE
Original cataloging agency DLC
Language of cataloging DLC
Transcribing agency RCMS
050 ## - LIBRARY OF CONGRESS CALL NUMBER
Classification number 297 GUL
082 ## - DEWEY DECIMAL CLASSIFICATION NUMBER
Classification number 297 GUL
Author Mark 973
245 ## - TITLE STATEMENT
Title Prophet Muhmmad as Military and Commander
Statement of responsibility, etc. Gulen
260 ## - PUBLICATION, DISTRIBUTION, ETC.
Place of publication, distribution, etc. Turkey
Name of publisher, distributor, etc. PAF Book Club
Date of publication, distribution, etc. 1998
538 ## - SYSTEM DETAILS NOTE
Display text Shelf # 13, Row # 2, Fiction.<br/>Shelf # 13, Row # 4, Fiction.
856 ## - ELECTRONIC LOCATION AND ACCESS
Materials specified Table of Contents Only.
942 ## - ADDED ENTRY ELEMENTS (KOHA)
Source of classification or shelving scheme
Koha item type Book
Classification part 297 GUL
Holdings
Withdrawn status Lost status Source of classification or shelving scheme Damaged status Not for loan Permanent Location Current Location Shelving location Date acquired Total Checkouts Full call number Barcode Date last seen Price effective from Koha item type Total Renewals Date last checked out
          School of Interdisciplinary Engineering and Sciences (SINES) School of Interdisciplinary Engineering and Sciences (SINES) General Stacks 01/27/2014   297GUL RCMS973 01/27/2014 01/27/2014 Book    
          School of Interdisciplinary Engineering and Sciences (SINES) School of Interdisciplinary Engineering and Sciences (SINES) General Stacks 01/27/2014 1 297GUL RCMS002652 09/09/2024 01/27/2014 Book 1 07/04/2024
© 2023 Central Library, National University of Sciences and Technology. All Rights Reserved.